|
|
|
|
| LEADER |
02820nam a2200697 ia4500 |
| 001 |
nkc20172907905 |
| 003 |
CZ PrNK |
| 005 |
20241120132205.0 |
| 007 |
ta |
| 008 |
170711m20172024xr abcec p 001 0 cze |
| 015 |
|
|
|a cnb002907905
|z cnb002902498
|
| 020 |
|
|
|a 978-80-7563-649-2
|q (učebnice ;
|q brožováno)
|
| 020 |
|
|
|a 978-80-7563-068-1
|q (pracovní sešit ;
|q brožováno)
|
| 035 |
|
|
|a (OCoLC)1000497571
|
| 040 |
|
|
|a ABA001
|b cze
|d BOA001
|e rda
|
| 072 |
|
7 |
|a 93/94
|x Dějiny (obecně)
|2 Konspekt
|9 8
|
| 072 |
|
7 |
|a 37.016
|x Učební osnovy. Vyučovací předměty. Učebnice
|2 Konspekt
|9 22
|
| 080 |
|
|
|a 93/94
|2 MRF
|
| 080 |
|
|
|a 94"04/14"
|2 MRF
|
| 080 |
|
|
|a 94"15/..."
|2 MRF
|
| 080 |
|
|
|a (075.2)
|2 MRF
|
| 080 |
|
|
|a (075.3)
|2 MRF
|
| 080 |
|
|
|a (076.1)
|2 MRF
|
| 100 |
1 |
|
|a Mácha, Petr
|7 jo2015883561
|4 aut
|
| 245 |
1 |
0 |
|a Hravý dějepis 7 :
|b pro 7. ročník ZŠ a víceletá gymnázia /
|c autoři: Petr Mácha, Vladimíra Horká, Lucie Pevná
|
| 246 |
3 |
0 |
|a Dějepis 7
|
| 246 |
3 |
0 |
|a Středověk a raný novověk
|
| 250 |
|
|
|a 2. vydání
|
| 264 |
|
1 |
|a Praha :
|b Taktik,
|c 2017-2024
|
| 300 |
|
|
|a 2 svazky :
|b ilustrace (převážně barevné), mapy, portréty, faksimile, erby, genealogické tabulky ;
|c 30 cm
|
| 336 |
|
|
|a text
|b txt
|2 rdacontent
|
| 336 |
|
|
|a statický obraz
|b sti
|2 rdacontent
|
| 337 |
|
|
|a bez média
|b n
|2 rdamedia
|
| 338 |
|
|
|a svazek
|b nc
|2 rdacarrier
|
| 500 |
|
|
|a Název pracovního sešitu z obálky
|
| 500 |
|
|
|a Chronologické přehledy
|
| 500 |
|
|
|a Terminologické slovníky
|
| 500 |
|
|
|a Obsahuje rejstřík
|
| 500 |
|
|
|a Vytvořeno v souladu s RVP
|
| 505 |
0 |
|
|a Učebnice. 2024. 128 stran -- Pracovní sešit : středověk a raný novověk : / autor: Petr Mácha. 2017. 52 stran
|
| 650 |
0 |
7 |
|a dějepis
|7 ph117186
|2 czenas
|
| 650 |
0 |
7 |
|a středověk
|7 ph126223
|x dějiny
|2 czenas
|
| 650 |
0 |
7 |
|a novověk
|7 ph117243
|x dějiny
|2 czenas
|
| 650 |
0 |
9 |
|a history (school subject)
|2 eczenas
|
| 650 |
0 |
9 |
|a middle ages
|x history
|2 eczenas
|
| 650 |
0 |
9 |
|a modern history
|2 eczenas
|
| 655 |
|
7 |
|a učebnice základních škol
|7 fd133773
|2 czenas
|
| 655 |
|
7 |
|a učebnice středních škol
|7 fd133771
|2 czenas
|
| 655 |
|
7 |
|a pracovní sešity
|7 fd133116
|2 czenas
|
| 655 |
|
9 |
|a textbooks (elementary)
|2 eczenas
|
| 655 |
|
9 |
|a textbooks (secondary)
|2 eczenas
|
| 655 |
|
9 |
|a activity books
|2 eczenas
|
| 700 |
1 |
|
|a Horká, Vladimíra
|4 aut
|
| 700 |
1 |
|
|a Pevná, Lucie
|4 aut
|
| 910 |
2 |
|
|a BOA001
|b 4-1391.138
|s pracovní sešit, učebnice
|
| 928 |
9 |
|
|a Taktik International
|
| 990 |
|
|
|a BK
|
| 995 |
|
|
|a 01
|
| 991 |
|
|
|b 201706
|c NOV
|
| 996 |
6 |
|
|b 2610710226
|c 4-1391.138
|d 1, pracovní sešit
|v 1
|l MZK
|r Sklad / do 1 hodiny
|n 11
|p p.v.
|w 001615463
|u 000010
|a 1
|e BOA001
|j MZK50
|s P
|
| 996 |
6 |
|
|b 2610977814
|c 4-1391.138
|d 2, učebnice
|v 2
|l MZK
|r Sklad / do 1 hodiny
|n 1
|p p.v.
|w 001615463
|u 000020
|a 1
|e BOA001
|j MZK50
|s P
|